000 00843nam a2200265 4500
003 OSt
005 20260601170959.0
008 260504b1976\\\\sp\a||||\||||\00|\0\spa\d
020 _a8425206073
040 _aICI
_bspa
_cICI
050 _aN6494.A7
_bM3418
100 1 _a Maenz, Paul,
_eautor
_931069
240 _aArt Deco.
_lEspañol
245 1 _aArt Decó:
_b1920-1940 : Formas entre dos guerras /
_cP. Maenz ; vers. castellana de Pere Ancochea Millet
264 _aBarcelona :
_bGustavo Gili,
_c1976
300 _a266 páginas
336 _atexto
_2rdacontent
337 _asin medio
_2rdamedia
338 _avolumen
_2rdacarrier
490 _aColección comunicación visual
500 _aTraducción de: Art dejó : 1920-1940
650 _aArt deco
_91862
700 _aAncochea Millet, Pere,
_etraductor
_931070
942 _2lcc
_cB
_n1
999 _c19966
_d19966